Score 0/16 Timer 05:00
1 Play Today
% Correct
Anakin Skywalker
96.8%
Scar
95.3%
Mark Zuckerberg
93%
Fredo Corleone
90.6%
Saruman the White
89.6%
Dr. Elsa Schneider
89.3%
Ephialtes
89.1%
Cady Heron
87%
% Correct
Mr. Orange
84.1%
Robert the Bruce
83%
Cypher
81.2%
Dennis Nedry
70.9%
Alec Trevelyan
68.1%
Henry Hill
61.7%
Ash
53.5%
Daryl
49.1%
Remove Ads.
Support Sporcle.
Get the best of Sporcle when you Go Orange. This ad-free experience offers more features, more stats, and more fun while also helping to support Sporcle. Thank you for becoming a member.

You're not logged in!

Compare scores with friends on all Sporcle quizzes.
OR
Log In

Show Comments

Extras

Top Quizzes Today


Score Distribution

Your Account Isn't Verified!

In order to create a playlist on Sporcle, you need to verify the email address you used during registration. Go to your Sporcle Settings to finish the process.

Report this User

Report this user for behavior that violates our Community Guidelines.

Details: